00647cam a22002171 450000100060000000300080000600500170001400800390003103500190007003500190008904000230010804100080013108200180013910000190015724500750017626000670025130000270031850400190034565000250036470000400038928880BD-RjUL20211209051337.0140401s19481936enk b 001 0 eng a(BD-RjUL)28964 a(OCoLC)3791583 aDLCcArUdDLCbeng aeng a150bCOP 19481 aCollins, Mary.10aPsychology and practical life /cMary Collins ... and James Drever ... aLondon :bUniversity of London Press,cC1936 [Reprinting 1948] aviii, 307 p. ;c19 cm. aincludes index 0aPsychology, Applied.1 aDrever, James,d1973- joint author.